000 00234nam a22000857a 4500
999 _c11410
_d11410
008 190416b ||||| |||| 00| 0 eng d
020 _a9788178557618
100 _97142
_aAGGARWAL.M L ET AL
245 _aMATHEMATICS CLASS XII 20 SAMPLE PAPARS